'n Soen vir Whitney / (Record no. 796751)

MARC details
000 -LEADER
fixed length control field 00793nam a22002537b 4500
003 - CONTROL NUMBER IDENTIFIER
control field 3228
005 - DATE AND TIME OF LATEST TRANSACTION
control field 20260417130220.0
008 - FIXED-LENGTH DATA ELEMENTS--GENERAL INFORMATION
fixed length control field 260417b sa ||||j |||| 00| 1 AFR d
020 ## - INTERNATIONAL STANDARD BOOK NUMBER
International Standard Book Number 9780620318395 (paperback)
040 ## - CATALOGING SOURCE
Original cataloging agency MPL
Language of cataloging eng
Transcribing agency 2000
Description conventions Resource Description and Access
041 ## - LANGUAGE CODE
Language code of text/sound track or separate title Afrikaans
082 #0 - DEWEY DECIMAL CLASSIFICATION NUMBER
Classification number ATF VEGT
100 ## - MAIN ENTRY--PERSONAL NAME
9 (RLIN) 199177
Personal name Vegter, Onne
Relator term author
245 ## - TITLE STATEMENT
Title 'n Soen vir Whitney /
Statement of responsibility, etc. Onne Vegter ; Afrikaanse vertaling deur René Engelbrecht
250 ## - EDITION STATEMENT
Edition statement Eerste uitgawe
260 ## - PUBLICATION, DISTRIBUTION, ETC.
Place of publication, distribution, etc. Bellville :
Name of publisher, distributor, etc. Voices in Africa ,
Date of publication, distribution, etc. ©2004,
-- 2004.
300 ## - PHYSICAL DESCRIPTION
Extent 94 pages :
Dimensions 21 cm
654 ## - SUBJECT ADDED ENTRY--FACETED TOPICAL TERMS
9 (RLIN) 181165
Focus term HIV (viruses)
654 ## - SUBJECT ADDED ENTRY--FACETED TOPICAL TERMS
9 (RLIN) 181166
Focus term AIDS (Disease)
655 #0 - INDEX TERM--GENRE/FORM
9 (RLIN) 188476
Genre/form data or focus term Youth Fiction
655 #0 - INDEX TERM--GENRE/FORM
9 (RLIN) 188670
Genre/form data or focus term Human Relations Fiction
700 ## - ADDED ENTRY--PERSONAL NAME
9 (RLIN) 199178
Personal name Engelbrecht, Rene
Relator term author
942 ## - ADDED ENTRY ELEMENTS
Source of classification or shelving scheme Dewey Decimal Classification
item type Books
-- 296
-- Phillipina Naude
-- 296
-- Phillipina Naude
Holdings
Withdrawn status Lost status Source of classification or shelving scheme Damaged status Not for loan Collection code Home library Current library Shelving location Date acquired Total Checkouts Full call number Barcode Date last seen Price effective from item type Public note
    Dewey Decimal Classification     Fiction Klipfontein PL (MMID-PLEM-KLIP) Klipfontein PL (MMID-PLEM-KLIP) Children's Area 17.04.2026   ATF VEGT 139442 17.04.2026 17.04.2026 Books DC119681